000 00353nam a2200145 i 4500
001 bg
100 1 _aŁABIŃSKA, E.
245 0 _aKunterbuntes auf deutsch /
_cE. Łabińska, I. Moszczeńska.
260 _aWarszawa,
_c1988.
700 1 _aMOSZCZEŃSKA, I.
040 _cBPK
041 _apol
942 _cKS
008 s pl f |000 0 pol
999 _c3788
_d3788
856 _uhttp://koha.tu.koszalin.pl/cgi-bin/koha/opac-detail.pl?biblionumber=3788
_yKatalog online BPK